|
|
|
|
| LEADER |
00000nam a22000007a 4500 |
| 005 |
20111019142038.0 |
| 008 |
111019s2011 cl |||||s|||| 00||0 spa d |
| 020 |
|
|
|a 9561319616
|
| 035 |
|
|
|a 5953
|
| 040 |
|
|
|a vLex
|
| 090 |
|
|
|c 2673
|d 2673
|
| 100 |
1 |
|
|a Bravo Herrera, Fernando
|
| 245 |
1 |
0 |
|a Anl̀isis de estados financieros
|h [Recurso electrn̤ico] :
|b Textos y casos /
|c Fernando Bravo Herrera
|
| 256 |
|
|
|a Servicio en ln̕ea.
|
| 260 |
|
|
|a [Chile] :
|b Editorial jurd̕ica de Chile,
|c 2011
|
| 300 |
|
|
|a 1 recurso electrn̤ico
|
| 506 |
1 |
|
|a Contenido solo disponible en los productos indicados
|d vLex Global
|d vLex Global (Academic Edition, excluding Law Schools)
|d vLex Global (U.S. Academic Edition, Law Schools)
|d vLex Global (U.S. Academic Edition, excluding Law Schools)
|d vLex Global (Academic Edition, Law Schools)
|
| 650 |
0 |
4 |
|a Finanazas
|z Chile
|
| 740 |
0 |
|
|a vLex Libros (Servicio en ln̕ea)
|
| 856 |
4 |
0 |
|u http://vlex.com/source/analisis-estados-financieros-textos-casos-5953
|z Acceso restringido
|
| 942 |
|
|
|c BOOK
|